000 01134cam a2200241 4500
001 WB3834-06
008 020917n2002 000 0 eng u
035 _a(Sirsi) u119707
245 _aSite of terror attacks rejected
260 _c2002
490 _aNYMTC Press Release
_v4 September 2002, (4)
520 _aA report by the New York Metropolitan Transportation Council (NYMTC) reveals less than a third of companies that had offices destroyed or damaged by the World Trade Center terrorist attacks have returned to Manhattan. "Inventory of affected businesses: their characteristics and aftermath" tracks displaced firms and jobs to analysis the impact of the terrorist attacks on employment, floorspace and travel patterns. Inventory available at www.nymtc.org/files/Inventory_of_Affected_Businesses.pdf www.nymtc.org/files/wtc_inventory_release_904.doc
590 _aWB
650 _aTERRORISM
650 _aRELOCATION
650 _aWORLD TRADE CENTER
650 _aOCCUPIERS
650 _aNEW YORK
650 _aMANHATTAN
650 _aOFFICE SPACE
690 _aPROPERTY-COMMERCIAL PROPERTY
942 _n0
999 _c71155
_d71155